History Quiz

Random History Quiz

Constitutional Amendments by number Quiz Stats

 Plays Quiz not verified by Sporcle

Challenge
Share
Tweet
Embed
Score 0/27 Timer 13:00
0 Plays Today
Amendement What it did. % Correct
1Freedom of Speech, Religion, Press, and Assembly. Right to Petition
100%
2Right to Bear Arms. Right to a militia.
66.7%
3No soldier can be quarantined without permission.
33.3%
4No unreasonable searches.
33.3%
6Right to a speedy fair trial.
33.3%
8No excessive bail. No cruel or unusual punishment.
33.3%
9Power reserved to the people.
33.3%
14Everybody had equal rights
33.3%
13Abolition of Slavery
33.3%
15Right to vote
33.3%
17People directly elect the senators.
33.3%
5Rights of Accused Persons. No Double Jeopardy. Right to a Jury. People cant be deprived of Liberty, Life, or Property without due process of law.
0%
7Right to sue for more than $20.
0%
10Power reserved to the states
0%
Amendement What it did. % Correct
18
0%
24
0%
21
0%
11No law suits against states
0%
12Election of President and Vice President separately
0%
16Congress can lay and collect taxes
0%
19
0%
20
0%
22
0%
23
0%
25
0%
26
0%
27
0%

You're not logged in!

Compare scores with friends on all Sporcle quizzes.
Join for Free
OR
Log In

You Might Also Like...

Show Comments

Extras

Top Quizzes Today


Score Distribution

Your Account Isn't Verified!

In order to create a playlist on Sporcle, you need to verify the email address you used during registration. Go to your Sporcle Settings to finish the process.

Report this User

Report this user for behavior that violates our Community Guidelines.

Details: